Departamentos de Colombia - Estadísticas

Estadísticas generales
  • Esta prueba ha sido intentada 286 veces
  • La puntuación promedio es 23 de 31
Estadísticas de respuestas
Respuesta % Correcto
Antioquia
95%
Amazonas
94%
Cundinamarca
88%
Santander
88%
Atlantico
83%
Norte de Santander
82%
Valle del cauca
82%
Arauca
81%
Cauca
81%
Guajira
79%
Bolivar
77%
Chocó
77%
Nariño
77%
Quindío
76%
Boyacá
74%
Huila
72%
Meta
72%
Risaralda
72%
Sucre
72%
Cesar
70%
Tolima
70%
Magdalena
69%
Putumayo
69%
Vaupés
69%
Caldas
67%
Córdoba
66%
Guaviare
66%
Casanare
64%
Caquetá
60%
Guainia
60%
San Andrés y Providencia
39%
No se encontraron pruebas coincidentes
Distribución de puntuación
Porcentaje de gente con cada puntuación
Porcentaje por número respondido
Historial de tus puntuaciones
No has intentado esta prueba.